Reflexiones sobre la banca / (Registro nro. 12050)
[ vista simple ]
| 000 -LEADER | |
|---|---|
| fixed length control field | 01234nam a2200241 a 4500 |
| 003 - CONTROL NUMBER IDENTIFIER | |
| control field | OSt |
| 005 - DATE AND TIME OF LATEST TRANSACTION | |
| control field | 20210802103945.0 |
| 008 - FIXED-LENGTH DATA ELEMENTS--GENERAL INFORMATION | |
| fixed length control field | 921230s1987 sp grb 000 0 spa |
| 040 ## - CATALOGING SOURCE | |
| Original cataloging agency | DLC |
| Transcribing agency | CO-JMCR |
| 041 0# - LANGUAGE CODE | |
| Language code of text/sound track or separate title | spa |
| 082 04 - DEWEY DECIMAL CLASSIFICATION NUMBER | |
| Classification number | 332.10460 / |
| Item number | R288r |
| Edition number | 23 |
| 110 2# - MAIN ENTRY--CORPORATE NAME | |
| Corporate name or jurisdiction name as entry element | Real Academia de Ciencias Morales y Políticas |
| 9 (RLIN) | 38951 |
| 245 10 - TITLE STATEMENT | |
| Title | Reflexiones sobre la banca / |
| Statement of responsibility, etc. | Real Academia de Ciencias Morales y Políticas ; José Angel Sánchez Asiaín. |
| 260 ## - PUBLICATION, DISTRIBUTION, ETC. | |
| Place of publication, distribution, etc. | Madrid : |
| Name of publisher, distributor, etc. | Real Academia de Ciencias Morales y Políticas, |
| Date of publication, distribution, etc. | 1987. |
| 300 ## - PHYSICAL DESCRIPTION | |
| Extent | 144 páginas ; |
| Dimensions | 24 cm. |
| 500 ## - GENERAL NOTE | |
| General note | Discurso del académico de número Excmo. Sr. D. José Angel Sáchez Asianín y contestación Excmo. Sr. D Enrique Fuentes Quintana. "Sesión del 26 de Mayo de 1987" |
| 505 0# - FORMATTED CONTENTS NOTE | |
| Formatted contents note | Las función de la banca en el sistema económico. Su proceso de formación y elementos definitorios. -- Las transformaciones estructurales del mundo financiero. -- La nueva frontera. -- Del ayer al mañana. Una reflexión final. |
| 650 14 - SUBJECT ADDED ENTRY--TOPICAL TERM | |
| Topical term or geographic name entry element | Funciones de la banca |
| 9 (RLIN) | 38952 |
| 650 24 - SUBJECT ADDED ENTRY--TOPICAL TERM | |
| Topical term or geographic name entry element | Funciones bancarias |
| Form subdivision | Riesgos |
| 9 (RLIN) | 38953 |
| 650 24 - SUBJECT ADDED ENTRY--TOPICAL TERM | |
| Topical term or geographic name entry element | Funciones bancarias |
| Form subdivision | tiempo y confianza |
| 9 (RLIN) | 38954 |
| 700 2# - ADDED ENTRY--PERSONAL NAME | |
| Personal name | Sánchez Asiaín, José Angel, |
| Relator term | coautor |
| 9 (RLIN) | 38955 |
| 942 ## - ADDED ENTRY ELEMENTS (KOHA) | |
| Source of classification or shelving scheme | Dewey Decimal Classification |
| Koha item type | Books |
| Withdrawn status | Lost status | Source of classification or shelving scheme | Damaged status | Not for loan | Home library | Current library | Shelving location | Date acquired | Source of acquisition | Full call number | Barcode | Date last seen | Copy number | Price effective from | Koha item type |
|---|---|---|---|---|---|---|---|---|---|---|---|---|---|---|---|
| Dewey Decimal Classification | Biblioteca Pública José María del Castillo y Rada | Biblioteca Pública José María del Castillo y Rada | General Stacks | 04/15/2018 | Donación | 332.10460 / R288r | 430002360 | 05/16/2024 | Ej.1 | 03/10/2021 | Books |